000 00223 a2200085 4500
020 _a9780500291283
100 _a Andrew H. Dent and Leslie Sherr
245 _aMaterial Innovation: Architecture
260 _bThames & Hudson
_c2014
999 _c13397
_d13397